Get Away Car Lyrics - Taylor Swift - Statistics

General Stats
  • This quiz has been taken 457 times
    370 since last reset
  • The average score is 405 of 491
Answer Stats
Answerg % Correct
a
99%
I
99%
i
99%
the
99%
we
98%
you
97%
car
96%
get
96%
in
96%
me
96%
was
96%
where
96%
getaway
95%
it
95%
time
95%
were
95%
we're
95%
and
93%
be
91%
but
91%
of
91%
to
91%
never
90%
driving
89%
your
87%
first
86%
he
85%
go
84%
its
84%
met
84%
my
84%
no
84%
think
84%
far
83%
worst
83%
place
82%
about
81%
best
81%
times
81%
win
81%
crimes
80%
didn't
80%
ever
79%
flying
79%
leave
78%
see
78%
apart
76%
don't
75%
side
75%
shot
74%
that
74%
fell
73%
heart
73%
marks
73%
pretend
73%
spot
73%
us
73%
x
73%
mystery
72%
saw
72%
such
72%
knew
71%
reason
71%
bonnie
70%
good
70%
him
70%
last
70%
mean
70%
money
70%
needed
70%
from
69%
keys
69%
match
69%
mind
69%
motel
69%
we'd
69%
well
69%
white
69%
dark
68%
stole
68%
beat
67%
black
67%
blew
67%
clyde
67%
cursed
67%
bag
66%
left
66%
myself
66%
old
66%
riding
65%
lies
64%
lying
64%
nothing
64%
other
64%
fashioned
63%
had
63%
struck
63%
I'd
62%
i'd
62%
shotgun
62%
wanted
62%
screaming
61%
candlelight
60%
'cause
59%
I'm
59%
poisoned
59%
sirens
59%
starts
59%
switched
59%
there
59%
both
58%
sorry
58%
surprise
57%
ties
57%
until
57%
jet
56%
just
56%
known
56%
love
56%
turned
56%
honey
55%
on
55%
put
55%
should've
55%
grey
54%
set
54%
three
54%
story
53%
traitors
53%
drinking
52%
escape
52%
shades
52%
break
51%
great
51%
now
51%
prison
51%
light
50%
sideshow
49%
thinking
49%
for
48%
with
48%
after
47%
running
47%
ain't
46%
crying
46%
like
46%
circus
45%
dying
43%
face
43%
goodbye
42%
weren't
42%
freedom
41%
hit
41%
man
41%
said
41%
himself
39%
they
34%
remember
5%
each
4%
No matching quizzes found
Score Distribution
Percent of People with Each Score
Percentile by Number Answered
Your Score History
You have not taken this quiz since the last reset